000 004120000a22001570004500
003 LK-CoMWRAF
008 230817t ||||| |||| 00| 0 eng d
020 _a955607023
040 _aLK-CoMWRAF
_dLK-CoMWRAF
_eLK-CoMWRAF
041 _aeng
082 _a270
_bTHO
245 _aTholil Uraugal Patriya Kaiyedu
_b
260 _bFriedrich Ebert Stiftung
_aColombo 04 (Sri Lanka)
_c1998
300 _ap.250
942 _cBK
999 _c1477
_d1477